000 00860nam a2200253 i 4500
001 187731
003 ES-MaACL
005 20230906223021.0
008 180205s1972 sp |||| | spa d
100 1 _aHund, Wulf Dietmar.
_9164198
245 1 0 _aComunicación y sociedad /
_cWulf D. Hund ; [traducción de J.J. Acero, Jacobo Muñoz y J. Solana].
260 _aBarcelona :
_bAlberto Corazón,
_c[1972]
300 _a150 p. ;
_c21 cm.
490 1 _aComunicación. Serie B ;
_v21
650 0 4 _aComunicación-
_xAspectos sociales.
_911189
650 0 4 _aOpinión pública.
_915720
650 4 _aSociolingüística.
_917193
700 1 _aAcero, Juan José,
_d1948-
_918225
700 1 _aMuñoz, Jacobo.
_9137824
700 1 _aSolana, J.
_9164199
830 0 _aComunicación. Serie B ;
_v21
_9182533
852 _aES-MaACL
_jC-47901
999 _c187731
_d187731